000 01225naa a22003377a 4500
001 BR8802532
003 BR-BrBNA
005 20250721154600.0
007 ta
008 250630b bl.|||m| |||| 00| 0 por d
040 _aBR-BrBNA
_bpor
_cBiblioteca Nacional de Agricultura
041 _a(Pt)
072 _aF02
_b0336
_b3575
090 _aF02 BR8802532
100 1 _aNakagawa, J.
100 1 _aTeixeira, J.P.F.
100 1 _aMorais, R.M. de
100 1 _aRosolem, C.A.
111 1 _a3. Seminario Nacional de Pesquisa de Soja
_cCampinas, SP (Brazil)
_d20-24 Feb 1984
245 1 _aEpoca de semeadura nos teores de oleo e proteina das sementes de soja
500 _aAnais do 3. Seminario Nacional de Pesquisa de Soja Londrina, PR (Brasil): 1984. p. 45-56 [Summaries (En, Pt); 28 ref.] (BR8802532-AMS)
773 0 _tAnais do 3. Seminario Nacional de Pesquisa de Soja
_wF02 BR8802532
_gLondrina, PR (Brasil), 1984. p. 45-56
650 _aSOJA
650 _aSEMEADURA
650 _aSEMENTE
650 _aPROTEINA
650 _aANALISE QUALITATIVA
490 _aDocumentos - Centro Nacional de Pesquisa de Soja (Brazil)
_vno. 7
_xISSN 0101-5494
942 _cAMS
_2AGRIS
909 _a202506
_bLúcia
_c55
_dLúcia Elande
999 _c335821
_d335821